000 01489nam0a2200361 4500
001 RU\NLR\BIBL_A\022593455
005 20260607071948.0
010 _a978-5-389-24849-6
_94000
021 _aRU
_bКН-П-25-034286
_9КН-П-25-3385
035 _a(NLR Aleph) 022593455
090 _a13679802
_c13679802
100 _a20250730d2025 u y0rusy50 ca
101 1 _arus
_ceng
102 _aRU
105 _aa z 000ay
181 0 _ai
_baxxe
181 0 _ab1
_bbb2e
182 0 _an
200 1 _aОстров сокровищ
_eроман
_fР. Л. Стивенсон
_gперевод с английского Николая Чуковского
_gхудожник Наталья Леонова
203 _aТекст
_aИзображение
_bвизуальные
_cнепосредственные
210 _aМосква
_cМахаон, Азбука-Аттикус
_d2025
215 _a222, [1] с.
_cцв. ил.
_d24
225 1 _aКласская классика
300 _aНа обл. 175 лет Р. Л. Стивенсону
333 _a12+
686 0 _aШ9(4Вл)62-4
700 1 _8rus
_7ca
_aСтивенсон
_bР. Л.
_f1850-1894
_gРоберт Льюис
_3RU\NLR\AUTH\771316
_9111343
702 1 _7ca
_8rus
_aЛеонова
_bН. А.
_cхудожник
_f1970-
_gНаталья Алексеевна
_950824
_3RU\NLR\AUTH\7767896
942 _cBOOK
980 _aNB